| 000 | 00452nam a2200157 i 4500 | ||
|---|---|---|---|
| 001 | 61094 | ||
| 003 | ES-MaACL | ||
| 005 | 20230906164352.0 | ||
| 007 | t| | ||
| 008 | 031110s1971 sp ||||1| spa d | ||
| 100 | 1 |
_aEstarellas, Juan. _948013 |
|
| 245 | 1 | 0 |
_aIntroducción a las técnicas de la enseñanza programada / _cJuan Estarellas. |
| 260 |
_a[Salamanca] : _bAnaya, _c1971. |
||
| 300 |
_a191 p. ; _c19 cm. |
||
| 852 |
_aES-MaACL _jC-41565 _bR.78437 |
||
| 999 |
_c61094 _d61094 |
||